2023/24 Saudi Pro League Teams - Statistics

General Stats
  • This quiz has been taken 29 times
  • The average score is 10 of 18
Answer Stats
Team % Correct
Al Hilal Saudi FC
95%
Al Nassr FC
95%
Al Ittihad Saudi Arabian FC
77%
Al Ettifaq FC
73%
Al-Ahli Saudi FC
68%
Al-Shabab FC
68%
Al Riyadh SC
64%
Al Fateh SC
59%
Abha FC
55%
Al Wehda FC
55%
Al-Hazem SC
50%
Al Raed Saudi FC
50%
Damac FC
45%
Al Fayha FC
41%
Al Taawoun FC
41%
Al-Tai FC
41%
Al-Khaleej FC
36%
Al-Okhdood Club
27%
No matching quizzes found
Score Distribution
Percent of People with Each Score
Percentile by Number Answered
Your Score History
You have not taken this quiz